| 000 | 00481nam a2200193 a 4500 | ||
|---|---|---|---|
| 001 | 10738 | ||
| 003 | CO-ViMGA | ||
| 008 | 141112s2004 ck r 000 u spa d | ||
| 020 | _a8423311864 | ||
| 040 |
_aCO-ViMGA _bspa _cCO-ViMGA |
||
| 082 | 0 | 4 | _a863.6 G69cl |
| 100 | 1 |
_aGoytisolo ; Juan, _914676 |
|
| 245 | 1 | 0 | _aEl Circo |
| 260 |
_aBarcelona : _bEdiciones Destino, _c1982 |
||
| 300 | _a241p. | ||
| 490 | _aAncora y delfin | ||
| 650 | 1 | 4 |
_aNOVELA ESPAÑOLA _9488 |
| 942 |
_2ddc _cBK |
||
| 999 |
_c21996 _d21996 |
||